Welche U-Bahn-Linie? Berlin - Statistiken

Allgemein
  • Dieses Quiz wurde 66 mal gespielt
  • Das Durchschnittsergebnis liegt bei 158 aus 198
Antwortstatistiken
Frage Kachel Select % Korrekt
Nollendorfplatz U5 Nein
100%
Nollendorfplatz U6 Nein
100%
Nollendorfplatz U8 Nein
100%
Nollendorfplatz U9 Nein
100%
Siemensdamm U1 Nein
98%
Rathaus Steglitz U2 Nein
98%
Rathaus Steglitz U4 Nein
98%
Rathaus Steglitz U6 Nein
98%
Siemensdamm U6 Nein
98%
Nollendorfplatz U7 Nein
98%
Rathaus Steglitz U1 Nein
96%
Siemensdamm U3 Nein
96%
Rathaus Steglitz U5 Nein
96%
Siemensdamm U5 Nein
96%
Siemensdamm U9 Nein
96%
Rathaus Steglitz U3 Nein
94%
Siemensdamm U4 Nein
94%
Unter den Linden U4 Nein
94%
Unter den Linden U7 Nein
94%
Rathaus Steglitz U8 Nein
94%
Siemensdamm U8 Nein
94%
Unter den Linden U8 Nein
94%
Unter den Linden U9 Nein
94%
Berliner Straße U1 Nein
93%
Unter den Linden U3 Nein
93%
Rathaus Steglitz U7 Nein
93%
Unter den Linden U1 Nein
91%
Unter den Linden U2 Nein
91%
Berliner Straße U5 Nein
91%
Berliner Straße U6 Nein
91%
Siemensdamm U2 Nein
89%
Berliner Straße U2 Nein
87%
Berliner Straße U3 Nein
87%
Neu-Westend U3 Nein
87%
Berliner Straße U4 Nein
87%
Neu-Westend U5 Nein
87%
Neu-Westend U6 Nein
87%
Berliner Straße U8 Nein
87%
Neu-Westend U8 Nein
87%
Rathaus Steglitz U9 Ja
87%
Neu-Westend U9 Nein
87%
Karl-Bonhoeffer-Nervenklinik U1 Nein
85%
Bayerischer Platz U1 Nein
85%
Osloer Straße U1 Nein
85%
Bayerischer Platz U2 Nein
85%
Karl-Bonhoeffer-Nervenklinik U3 Nein
85%
Neu-Westend U4 Nein
85%
Osloer Straße U4 Nein
85%
Unter den Linden U5 Ja
85%
Bayerischer Platz U6 Nein
85%
Karl-Bonhoeffer-Nervenklinik U9 Nein
85%
Wuhletal U9 Nein
85%
Neu-Westend U1 Nein
83%
Wuhletal U1 Nein
83%
Friedrichstraße U1 Nein
83%
Osloer Straße U2 Nein
83%
Friedrichstraße U2 Nein
83%
Nollendorfplatz U3 Ja
83%
Osloer Straße U3 Nein
83%
Friedrichstraße U3 Nein
83%
Karl-Bonhoeffer-Nervenklinik U4 Nein
83%
Wuhletal U4 Nein
83%
Friedrichstraße U4 Nein
83%
Bayerischer Platz U5 Nein
83%
Osloer Straße U5 Nein
83%
Friedrichstraße U5 Nein
83%
Wuhletal U6 Nein
83%
Karl-Bonhoeffer-Nervenklinik U7 Nein
83%
Wuhletal U7 Nein
83%
Friedrichstraße U7 Nein
83%
Bayerischer Platz U8 Nein
83%
Nollendorfplatz U1 Ja
81%
Neu-Westend U2 Ja
81%
Karl-Bonhoeffer-Nervenklinik U2 Nein
81%
Wuhletal U2 Nein
81%
Wuhletal U3 Nein
81%
Alexanderplatz U4 Nein
81%
Alexanderplatz U5 Ja
81%
Karl-Bonhoeffer-Nervenklinik U6 Nein
81%
Osloer Straße U7 Nein
81%
Wuhletal U8 Nein
81%
Friedrichstraße U8 Nein
81%
Görlitzer Bahnhof U9 Nein
81%
Alexanderplatz U9 Nein
81%
Podbielskyallee U1 Nein
80%
Scharnweberstraße U1 Nein
80%
Alexanderplatz U1 Nein
80%
Mehringdamm U1 Nein
80%
Mehringdamm U2 Nein
80%
Alexanderplatz U3 Nein
80%
Mehringdamm U3 Nein
80%
Podbielskyallee U4 Nein
80%
Scharnweberstraße U4 Nein
80%
Mehringdamm U4 Nein
80%
Karl-Bonhoeffer-Nervenklinik U5 Nein
80%
Görlitzer Bahnhof U5 Nein
80%
Görlitzer Bahnhof U6 Nein
80%
Osloer Straße U6 Nein
80%
Alexanderplatz U6 Nein
80%
Friedrichstraße U6 Ja
80%
Kaiserdamm U6 Nein
80%
Siemensdamm U7 Ja
80%
Neu-Westend U7 Nein
80%
Alexanderplatz U7 Nein
80%
Kaiserdamm U8 Nein
80%
Kurfürstendamm U8 Nein
80%
Mehringdamm U8 Nein
80%
Friedrichstraße U9 Nein
80%
Kaiserdamm U1 Nein
78%
Vinetastraße U1 Nein
78%
Zwickauer Damm U1 Nein
78%
Görlitzer Bahnhof U2 Nein
78%
Bayerischer Platz U3 Nein
78%
Kaiserdamm U3 Nein
78%
Zwickauer Damm U3 Nein
78%
Görlitzer Bahnhof U4 Nein
78%
Kaiserdamm U4 Nein
78%
Kurfürstendamm U4 Nein
78%
Vinetastraße U4 Nein
78%
Zwickauer Damm U4 Nein
78%
Scharnweberstraße U5 Nein
78%
Kaiserdamm U5 Nein
78%
Kurfürstendamm U5 Nein
78%
Mehringdamm U5 Nein
78%
Vinetastraße U5 Nein
78%
Unter den Linden U6 Ja
78%
Podbielskyallee U6 Nein
78%
Vinetastraße U6 Nein
78%
Zwickauer Damm U6 Nein
78%
Görlitzer Bahnhof U7 Nein
78%
Kurfürstendamm U7 Nein
78%
Vinetastraße U7 Nein
78%
Podbielskyallee U8 Nein
78%
Bayerischer Platz U9 Nein
78%
Kaiserdamm U9 Nein
78%
Mehringdamm U9 Nein
78%
Zwickauer Damm U9 Nein
78%
Kaiserin-Augusta-Straße U1 Nein
76%
Nollendorfplatz U2 Ja
76%
Podbielskyallee U2 Nein
76%
Scharnweberstraße U3 Nein
76%
Nollendorfplatz U4 Ja
76%
Podbielskyallee U5 Nein
76%
Kaiserin-Augusta-Straße U5 Nein
76%
Zwickauer Damm U5 Nein
76%
Kurfürstendamm U6 Nein
76%
Scharnweberstraße U7 Nein
76%
Mehringdamm U7 Ja
76%
Görlitzer Bahnhof U8 Nein
76%
Podbielskyallee U9 Nein
76%
Scharnweberstraße U2 Nein
74%
Alexanderplatz U2 Ja
74%
Kurfürstendamm U2 Nein
74%
Zwickauer Damm U2 Nein
74%
Vinetastraße U3 Nein
74%
Kaiserin-Augusta-Straße U3 Nein
74%
Scharnweberstraße U9 Nein
74%
Kaiserin-Augusta-Straße U2 Nein
72%
Birkenstraße U4 Nein
72%
Kaiserdamm U7 Nein
72%
Scharnweberstraße U8 Nein
72%
Alexanderplatz U8 Ja
72%
Birkenstraße U8 Nein
72%
Osloer Straße U9 Ja
72%
Vinetastraße U9 Nein
72%
Kaiserin-Augusta-Straße U9 Nein
72%
Birkenstraße U1 Nein
70%
Kaiserin-Augusta-Straße U4 Nein
70%
Birkenstraße U5 Nein
70%
Kaiserin-Augusta-Straße U7 Nein
70%
Birkenstraße U7 Nein
70%
Karl-Bonhoeffer-Nervenklinik U8 Ja
70%
Osloer Straße U8 Ja
70%
Kaiserin-Augusta-Straße U8 Nein
70%
Berliner Straße U9 Ja
70%
Kurfürstendamm U1 Ja
69%
Birkenstraße U2 Nein
69%
Bayerischer Platz U4 Ja
69%
Wuhletal U5 Ja
69%
Mehringdamm U6 Ja
69%
Birkenstraße U6 Nein
69%
Berliner Straße U7 Ja
69%
Zwickauer Damm U8 Nein
69%
Görlitzer Bahnhof U1 Ja
67%
Birkenstraße U3 Nein
67%
Vinetastraße U8 Nein
67%
Kaiserdamm U2 Ja
65%
Görlitzer Bahnhof U3 Ja
65%
Bayerischer Platz U7 Ja
65%
Zwickauer Damm U7 Ja
65%
Podbielskyallee U7 Nein
61%
Vinetastraße U2 Ja
59%
Kurfürstendamm U3 Nein
57%
Scharnweberstraße U6 Ja
57%
Birkenstraße U9 Ja
56%
Kaiserin-Augusta-Straße U6 Ja
52%
Podbielskyallee U3 Ja
50%
Kurfürstendamm U9 Ja
44%
Keine übereinstimmenden Quizze gefunden
Verteilung der Resultate
Anzahl Personen mit jedem Resultat
Perzentil nach korrekt beantworteten Fragen
Ihre Resultats-Entwicklung
Sie haben dieses Quiz noch nicht gespielt